000 00481cam a2200145 4500500
005 20251012050613.0
041 _afre
042 _adc
100 1 0 _aMorisson, Batiste
_eauthor
245 0 0 _aLe Droit au sexe. Le féminisme au XXIe siècle
260 _c2022.
500 _a36
786 0 _nPhilosophie magazine | 163 | 10 | 2022-10-01 | p. 61-62 | 1951-1787
856 4 1 _uhttps://shs.cairn.info/magazine-philosophie-magazine-2022-10-page-61?lang=fr&redirect-ssocas=7080
999 _c1549498
_d1549498